| 000 | 01134nam a2200217Ia 4500 | ||
|---|---|---|---|
| 003 | OSt | ||
| 005 | 20230526151324.0 | ||
| 008 | 210423s2001 xx 000 0 und d | ||
| 040 | _cAL | ||
| 041 | _akan | ||
| 082 |
_a305.4K _223 _bSARM |
||
| 100 |
_aSaroja K _9435 |
||
| 245 | _aMahile mattu aaroogya | ||
| 260 |
_aHampi _bPublication division Prasaranga Kannada University _c2001 |
||
| 365 |
_b350 _cINR |
||
| 520 | _aFinance is the lifeblood of all economic activities-consumption, production, exchange. Distribution and public finance are facilities through the banking and financial institutions. After the first phase of nationalization of private sector banks in 1969 a large number of banking and financial institutions have been set up. Contents Preface 1 Functions of Money 2 Scope of Money 3 Types of Monetary Standards 4 Types of Note Issue 5 Measures of Money Supply 6 Financial System 7 Indian Banking System 8 Functions of Banks 9 Types of Banking 10 Method of Credit Creation | ||
| 650 |
_aSociology _9436 |
||
| 650 |
_aWomen Studies _9437 |
||
| 906 | _aessays ; gender ; markets: ; myths | ||
| 942 |
_2ddc _cBK |
||
| 999 |
_c173367 _d173367 |
||